[Event "escc2023_65"]
[Site "?"]
[Date "2023.06.01"]
[Round "7.20"]
[White "Goli, Daniele"]
[Black "Erdogan, Hassan"]
[Result "1/2-1/2"]
[BlackElo "1831"]
[WhiteElo "1971"]
[LiveChessVersion "1.4.8"]

1. d4 {[%clk 1:30:50]} d6 {[%clk 1:30:52]} 2. Nf3 {[%clk 1:31:09]} Nf6
{[%clk 1:31:08]} 3. g3 {[%clk 1:31:18]} Nbd7 {[%clk 1:31:18]} 4. Bg2
{[%clk 1:31:29]} e5 {[%clk 1:31:05]} 5. O-O {[%clk 1:30:42]} Be7 {[%clk 1:31:00]}
6. c4 {[%clk 1:30:14]} O-O {[%clk 1:28:53]} 7. e3 {[%clk 1:28:28]} a5
{[%clk 1:26:36]} 8. Nc3 {[%clk 1:26:31]} c6 {[%clk 1:23:20]} 9. Qc2
{[%clk 1:23:07]} Qc7 {[%clk 1:22:14]} 10. b3 {[%clk 1:14:23]} b6 {[%clk 1:19:55]}
11. Bb2 {[%clk 1:14:33]} Bb7 {[%clk 1:19:14]} 12. Rac1 {[%clk 1:14:36]} Rfe8
{[%clk 1:17:46]} 13. Rfd1 {[%clk 1:12:03]} Rac8 {[%clk 1:16:28]} 14. h3
{[%clk 1:10:59]} Bf8 {[%clk 1:08:17]} 15. Ng5 {[%clk 1:04:37]} g6
{[%clk 0:47:41]} 16. Nge4 {[%clk 0:59:26]} Nxe4 {[%clk 0:40:52]} 17. Nxe4
{[%clk 0:58:25]} f5 {[%clk 0:38:48]} 18. Nc3 {[%clk 0:47:45]} e4 {[%clk 0:33:17]}
19. Ne2 {[%clk 0:43:24]} Bg7 {[%clk 0:28:11]} 20. Qd2 {[%clk 0:41:38]} Qd8
{[%clk 0:26:00]} 21. Nf4 g5 {[%clk 0:17:52]} 22. Nh5 {[%clk 0:36:28]} Bh8
{[%clk 0:18:14]} 23. Bc3 {[%clk 0:34:54]} d5 {[%clk 0:18:17]} 24. c5
{[%clk 0:34:24]} Ra8 {[%clk 0:17:24]} 25. cxb6 {[%clk 0:33:10]} Qxb6
{[%clk 0:17:52]} 26. Bf1 {[%clk 0:29:35]} Nf6 {[%clk 0:14:40]} 27. Nxf6+
{[%clk 0:26:13]} Bxf6 {[%clk 0:15:09]} 28. Be2 {[%clk 0:26:30]} Bd8
{[%clk 0:15:12]} 29. Rc2 {[%clk 0:24:34]} Qc7 {[%clk 0:15:29]} 30. Kh1
{[%clk 0:21:45]} Qg7 {[%clk 0:13:27]} 31. Rg1 {[%clk 0:21:36]} Qh6
{[%clk 0:12:58]} 32. Kg2 {[%clk 0:21:45]} Kh8 {[%clk 0:12:14]} 33. Rh1
{[%clk 0:19:02]} f4 {[%clk 0:11:01]} 34. exf4 {[%clk 0:18:48]} gxf4
{[%clk 0:11:17]} 35. Qxf4 Qxf4 {[%clk 0:11:35]} 36. gxf4 {[%clk 0:18:21]} Rg8+
{[%clk 0:11:03]} 37. Kf1 {[%clk 0:18:38]} Bc7 {[%clk 0:11:19]} 38. Bd2
{[%clk 0:17:15]} Raf8 {[%clk 0:11:30]} 39. Rg1 {[%clk 0:15:30]} Bc8
{[%clk 0:09:17]} 40. Bg4 {[%clk 0:12:11]} Ba6+ {[%clk 0:09:45]} 41. Ke1
{[%clk 0:11:28]} Bd3 {[%clk 0:07:57]} 42. Rxc6 {[%clk 0:11:23]} Bxf4
{[%clk 0:08:25]} 43. Bxf4 {[%clk 0:09:54]} Rxf4 {[%clk 0:08:53]} 44. Rg2
{[%clk 0:05:46]} Rff8 {[%clk 0:07:50]} 45. Kd2 {[%clk 0:05:42]} Bf1
{[%clk 0:06:24]} 46. Rh2 {[%clk 0:05:55]} Rg5 {[%clk 0:04:39]} 47. Be2
{[%clk 0:03:22]} Rg2 {[%clk 0:03:17]} 48. Rxg2 {[%clk 0:03:45]} Bxg2
{[%clk 0:03:45]} 49. h4 {[%clk 0:04:07]} Rxf2 {[%clk 0:04:04]} 50. Ke3
{[%clk 0:04:18]} Rf7 {[%clk 0:03:21]} 51. h5 {[%clk 0:04:31]} Bf3
{[%clk 0:03:25]} 52. h6 {[%clk 0:04:52]} Rf8 {[%clk 0:03:26]} 53. Rd6
{[%clk 0:04:14]} Kg8 {[%clk 0:03:48]} 54. Rd7 {[%clk 0:04:13]} Rf6
{[%clk 0:04:06]} 55. Rg7+ {[%clk 0:04:29]} Kh8 {[%clk 0:04:23]} 56. Bxf3
{[%clk 0:04:46]} Rxf3+ {[%clk 0:03:29]} 57. Ke2 {[%clk 0:05:05]} Rh3
{[%clk 0:03:04]} 58. Rd7 {[%clk 0:05:22]} Rxh6 {[%clk 0:03:24]} 59. Rxd5
{[%clk 0:05:45]} Rh2+ {[%clk 0:03:47]} 60. Ke3 {[%clk 0:06:10]} Rxa2
{[%clk 0:04:12]} 61. Kxe4 {[%clk 0:06:23]} Re2+ {[%clk 0:04:00]} 62. Kd3
{[%clk 0:06:36]} Ra2 {[%clk 0:04:12]} 63. Rg5 {[%clk 0:04:55]} a4
{[%clk 0:03:53]} 64. bxa4 {[%clk 0:05:00]} Rxa4 {[%clk 0:04:15]} 65. d5
{[%clk 0:04:49]} h6 {[%clk 0:04:32]} 66. Rg1 {[%clk 0:05:03]} h5 {[%clk 0:02:51]}
67. Rg5 {[%clk 0:05:14]} h4 {[%clk 0:03:18]} 68. d6 {[%clk 0:05:28]} Ra8
{[%clk 0:01:10]} 69. Ke4 {[%clk 0:04:53]} h3 {[%clk 0:01:14]} 1/2-1/2

[Event "escc2023_65"]
[Site "?"]
[Date "2023.06.01"]
[Round "7.21"]
[White "Colombo, Alberto"]
[Black "Bohlin, Jan"]
[Result "1-0"]
[BlackElo "1814"]
[WhiteElo "1968"]
[LiveChessVersion "1.4.8"]

1. d4 {[%clk 1:25:47]} Nf6 {[%clk 1:30:55]} 2. Nf3 {[%clk 1:26:10]} d5
{[%clk 1:31:17]} 3. e3 {[%clk 1:26:00]} c5 {[%clk 1:31:10]} 4. Nbd2
{[%clk 1:26:07]} Nc6 {[%clk 1:29:52]} 5. Be2 {[%clk 1:25:54]} Bg4
{[%clk 1:22:46]} 6. c3 {[%clk 1:25:36]} e6 {[%clk 1:21:03]} 7. O-O
{[%clk 1:23:08]} cxd4 {[%clk 1:19:43]} 8. exd4 {[%clk 1:23:31]} Bd6
{[%clk 1:19:35]} 9. Re1 {[%clk 1:21:46]} O-O {[%clk 1:18:27]} 10. Nf1
{[%clk 1:21:43]} h6 {[%clk 1:13:37]} 11. Ng3 {[%clk 1:19:12]} Qc7
{[%clk 1:10:41]} 12. Be3 {[%clk 1:18:31]} Bf4 {[%clk 1:07:04]} 13. Qc1
{[%clk 1:15:01]} Bxe3 {[%clk 1:07:07]} 14. Qxe3 {[%clk 1:15:08]} Rab8
{[%clk 1:03:29]} 15. Bd3 {[%clk 1:10:55]} Bxf3 {[%clk 1:02:25]} 16. Qxf3
{[%clk 1:10:36]} b5 {[%clk 1:01:45]} 17. Rac1 {[%clk 1:09:26]} b4
{[%clk 0:48:29]} 18. b3 {[%clk 1:04:23]} bxc3 {[%clk 0:47:57]} 19. Rxc3 Qb6
{[%clk 0:47:05]} 20. Qe3 {[%clk 1:01:37]} Nxd4 {[%clk 0:44:42]} 21. Rec1
{[%clk 1:00:46]} Nb5 {[%clk 0:41:00]} 22. Rc5 {[%clk 0:59:46]} Nd6
{[%clk 0:39:07]} 23. Qf4 {[%clk 0:50:28]} Rfd8 {[%clk 0:23:29]} 24. Rc6
{[%clk 0:47:45]} Qb4 {[%clk 0:23:41]} 25. Qe3 {[%clk 0:43:42]} Rd7
{[%clk 0:12:02]} 26. h3 {[%clk 0:41:21]} Qa5 {[%clk 0:11:33]} 27. Ra6
{[%clk 0:39:16]} Qb4 {[%clk 0:10:43]} 28. Ne2 {[%clk 0:34:26]} Qb7
{[%clk 0:06:17]} 29. Ra5 {[%clk 0:32:00]} Rc7 {[%clk 0:06:05]} 30. Rxc7
{[%clk 0:31:45]} Qxc7 {[%clk 0:06:29]} 31. Rxa7 {[%clk 0:30:03]} Qc6
{[%clk 0:05:00]} 32. Ra6 {[%clk 0:29:25]} Qc7 {[%clk 0:04:59]} 33. Nd4
{[%clk 0:25:55]} Nfe4 {[%clk 0:03:49]} 34. Rc6 {[%clk 0:23:55]} Qd7
{[%clk 0:03:05]} 35. Qc1 {[%clk 0:21:14]} Qa7 {[%clk 0:02:48]} 36. Qb2
{[%clk 0:18:07]} Rd8 {[%clk 0:01:36]} 37. Rc2 {[%clk 0:17:51]} Nf6
{[%clk 0:01:16]} 38. Nc6 1-0

[Event "escc2023_65"]
[Site "?"]
[Date "2023.06.01"]
[Round "7.22"]
[White "Idesis, Yaacov"]
[Black "Alquist, Erik"]
[Result "1/2-1/2"]
[BlackElo "1960"]
[WhiteElo "1780"]
[LiveChessVersion "1.4.8"]

1. d4 {[%clk 1:30:58]} Nf6 {[%clk 1:30:52]} 2. Bf4 {[%clk 1:31:21]} g6
{[%clk 1:31:10]} 3. e3 {[%clk 1:31:44]} Bg7 {[%clk 1:31:35]} 4. Nd2
{[%clk 1:31:57]} O-O {[%clk 1:31:41]} 5. Ngf3 {[%clk 1:32:13]} d6
{[%clk 1:31:57]} 6. Be2 {[%clk 1:32:21]} c5 {[%clk 1:30:49]} 7. c3
{[%clk 1:32:35]} Nh5 {[%clk 1:30:00]} 8. Bg5 {[%clk 1:32:37]} h6 {[%clk 1:29:25]}
9. Bh4 {[%clk 1:32:54]} g5 {[%clk 1:24:17]} 10. Bg3 {[%clk 1:29:05]} cxd4
{[%clk 1:20:36]} 11. exd4 {[%clk 1:28:10]} Bf5 {[%clk 1:10:02]} 12. O-O
{[%clk 1:27:35]} Nxg3 {[%clk 1:09:17]} 13. hxg3 {[%clk 1:27:51]} Nd7
{[%clk 1:06:54]} 14. Nc4 {[%clk 1:27:05]} Nf6 {[%clk 1:04:10]} 15. Ne3
{[%clk 1:25:22]} Be4 {[%clk 1:03:03]} 16. Bd3 {[%clk 1:25:12]} Qd7
{[%clk 1:01:30]} 17. Qc2 {[%clk 1:22:27]} Bxd3 {[%clk 1:00:47]} 18. Qxd3
{[%clk 1:22:55]} e6 {[%clk 1:00:24]} 19. Rad1 {[%clk 1:23:08]} Rad8
{[%clk 0:59:49]} 20. d5 {[%clk 1:22:56]} e5 {[%clk 0:58:09]} 21. Qc2
{[%clk 1:18:37]} Rfe8 {[%clk 0:56:51]} 22. c4 {[%clk 1:16:15]} Rc8
{[%clk 0:54:57]} 23. b4 {[%clk 1:05:08]} b6 {[%clk 0:53:53]} 24. Rd2
{[%clk 1:01:03]} Rc7 {[%clk 0:52:58]} 25. Rc1 {[%clk 1:01:05]} Ng4
{[%clk 0:37:58]} 26. Nxg4 {[%clk 0:51:45]} Qxg4 {[%clk 0:38:15]} 27. Nh2
{[%clk 0:51:03]} Qc8 {[%clk 0:35:02]} 28. g4 {[%clk 0:46:12]} e4 {[%clk 0:33:05]}
29. Re2 {[%clk 0:41:09]} Rce7 {[%clk 0:31:48]} 30. Rce1 {[%clk 0:39:59]} f5
{[%clk 0:28:24]} 31. gxf5 {[%clk 0:38:51]} Qxf5 {[%clk 0:28:07]} 32. Nf1
{[%clk 0:38:09]} Qf4 {[%clk 0:26:15]} 33. g3 {[%clk 0:36:01]} Qg4
{[%clk 0:24:05]} 34. Qd2 {[%clk 0:28:51]} Bf6 {[%clk 0:21:38]} 35. c5
{[%clk 0:22:17]} bxc5 {[%clk 0:20:40]} 36. bxc5 {[%clk 0:22:30]} dxc5
{[%clk 0:16:28]} 37. d6 {[%clk 0:22:09]} Rd7 {[%clk 0:11:46]} 38. Rxe4
{[%clk 0:17:14]} Rxe4 {[%clk 0:10:36]} 39. Qd5+ {[%clk 0:13:45]} Qe6
{[%clk 0:08:12]} 40. Qa8+ {[%clk 0:06:00]} Rd8 {[%clk 0:07:45]} 41. Rxe4
{[%clk 0:02:55]} Rxa8 {[%clk 0:06:25]} 42. Rxe6 {[%clk 0:03:22]} Kf7
{[%clk 0:06:31]} 43. Re4 {[%clk 0:02:09]} Rd8 {[%clk 0:30:20]} 44. Ra4
{[%clk 0:32:09]} Rd7 {[%clk 0:28:03]} 45. Nd2 {[%clk 0:31:33]} Ke6
{[%clk 0:25:41]} 46. Ne4 {[%clk 0:29:16]} Bd4 {[%clk 0:25:42]} 47. Kg2
{[%clk 0:27:26]} g4 {[%clk 0:23:26]} 48. Nd2 {[%clk 0:20:38]} Kd5
{[%clk 0:19:30]} 49. f3 {[%clk 0:16:38]} gxf3+ {[%clk 0:13:49]} 50. Kxf3
{[%clk 0:16:59]} Rxd6 {[%clk 0:13:09]} 51. Rxa7 {[%clk 0:16:51]} Rf6+
{[%clk 0:12:10]} 52. Kg4 {[%clk 0:15:50]} Rf2 {[%clk 0:11:20]} 53. Nb3
{[%clk 0:14:18]} Kc4 {[%clk 0:10:43]} 54. Ra6 {[%clk 0:13:08]} Rh2
{[%clk 0:09:21]} 55. Kf5 {[%clk 0:12:30]} Kc3 {[%clk 0:08:56]} 56. Rc6
{[%clk 0:11:25]} c4 {[%clk 0:07:53]} 57. Nxd4 {[%clk 0:10:21]} Kxd4
{[%clk 0:08:20]} 58. g4 {[%clk 0:10:20]} c3 {[%clk 0:07:01]} 59. a4
{[%clk 0:10:44]} Kd3 {[%clk 0:06:37]} 60. a5 {[%clk 0:10:52]} Ra2
{[%clk 0:06:17]} 61. Rxh6 {[%clk 0:10:58]} Rxa5+ {[%clk 0:06:33]} 62. Kf4
{[%clk 0:11:02]} Rc5 {[%clk 0:06:17]} 63. Rh1 {[%clk 0:11:04]} c2
{[%clk 0:06:26]} 64. g5 {[%clk 0:10:55]} c1=Q+ {[%clk 0:06:31]} 65. Rxc1
{[%clk 0:11:20]} Rxc1 {[%clk 0:06:53]} 66. Kf5 {[%clk 0:11:27]} Rf1+
{[%clk 0:07:05]} 67. Ke6 {[%clk 0:11:40]} Ke4 {[%clk 0:07:01]} 68. g6
{[%clk 0:11:54]} Rg1 {[%clk 0:05:34]} 69. Kf7 {[%clk 0:12:01]} Kf5
{[%clk 0:05:00]} 70. g7 {[%clk 0:12:13]} Rxg7+ {[%clk 0:05:19]} 1/2-1/2

[Event "escc2023_65"]
[Site "?"]
[Date "2023.06.01"]
[Round "7.23"]
[White "Schmuki, Roman"]
[Black "Maiffret, Patrick"]
[Result "1/2-1/2"]
[BlackElo "1761"]
[WhiteElo "1932"]
[LiveChessVersion "1.4.8"]

1. e4 {[%clk 1:30:56]} c6 {[%clk 1:30:56]} 2. d4 {[%clk 1:31:20]} d5
{[%clk 1:31:22]} 3. exd5 {[%clk 1:31:43]} cxd5 {[%clk 1:31:51]} 4. c4
{[%clk 1:32:06]} Nf6 {[%clk 1:32:17]} 5. Nc3 {[%clk 1:32:31]} g6 {[%clk 1:32:41]}
6. Qb3 {[%clk 1:31:50]} Bg7 {[%clk 1:32:08]} 7. cxd5 {[%clk 1:31:37]} O-O
{[%clk 1:32:30]} 8. Bd3 {[%clk 1:24:44]} Nbd7 {[%clk 1:31:17]} 9. Nge2
{[%clk 1:18:52]} Nb6 {[%clk 1:28:43]} 10. O-O {[%clk 1:06:38]} Nfxd5
{[%clk 1:25:51]} 11. h3 {[%clk 1:02:31]} Be6 {[%clk 1:23:48]} 12. Qd1
{[%clk 1:02:32]} Rc8 {[%clk 1:21:11]} 13. Re1 {[%clk 1:02:36]} Nxc3
{[%clk 1:15:52]} 14. bxc3 {[%clk 1:02:33]} Bc4 {[%clk 1:13:35]} 15. a4
{[%clk 0:56:02]} Bxd3 {[%clk 1:11:12]} 16. Qxd3 {[%clk 0:56:27]} e5
{[%clk 1:09:23]} 1/2-1/2

[Event "escc2023_65"]
[Site "?"]
[Date "2023.06.01"]
[Round "7.24"]
[White "Patrucco, Carlo"]
[Black "Green, Per"]
[Result "1/2-1/2"]
[BlackElo "1899"]
[WhiteElo "1734"]
[LiveChessVersion "1.4.8"]

1. e4 {[%clk 1:30:55]} c5 {[%clk 1:30:29]} 2. Nf3 {[%clk 1:31:20]} e6
{[%clk 1:30:33]} 3. d3 {[%clk 1:31:44]} Nc6 {[%clk 1:28:40]} 4. g3
{[%clk 1:32:01]} d6 {[%clk 1:23:35]} 5. Bg2 {[%clk 1:32:18]} Nf6 {[%clk 1:23:54]}
6. O-O {[%clk 1:31:54]} Be7 {[%clk 1:23:27]} 7. c3 {[%clk 1:31:52]} Bd7
{[%clk 1:23:07]} 8. Nbd2 {[%clk 1:31:12]} b5 {[%clk 1:20:02]} 9. Re1
{[%clk 1:27:25]} Rc8 {[%clk 1:13:22]} 10. Nf1 {[%clk 1:23:09]} O-O
{[%clk 1:08:21]} 11. d4 {[%clk 1:13:30]} cxd4 {[%clk 1:04:07]} 12. Nxd4
{[%clk 1:13:20]} a6 {[%clk 0:55:38]} 13. h3 {[%clk 1:10:42]} Qc7 {[%clk 0:55:00]}
14. Nh2 {[%clk 1:01:55]} Nxd4 {[%clk 0:51:29]} 15. Qxd4 {[%clk 1:01:39]} Bc6
{[%clk 0:50:56]} 16. Be3 {[%clk 0:55:52]} d5 {[%clk 0:45:45]} 17. e5
{[%clk 0:35:20]} Nd7 {[%clk 0:42:51]} 18. Nf3 {[%clk 0:31:37]} f5
{[%clk 0:31:29]} 19. Ng5 {[%clk 0:26:55]} Bxg5 {[%clk 0:29:41]} 20. Bxg5
{[%clk 0:27:17]} Rf7 {[%clk 0:28:58]} 21. h4 {[%clk 0:19:46]} h6 {[%clk 0:28:18]}
22. Bf4 {[%clk 0:20:05]} Nb6 {[%clk 0:23:26]} 23. Bf3 {[%clk 0:19:42]} Re7
{[%clk 0:19:38]} 24. g4 {[%clk 0:17:27]} fxg4 {[%clk 0:17:29]} 25. Bxg4
{[%clk 0:17:46]} Be8 {[%clk 0:17:34]} 26. Rad1 {[%clk 0:13:18]} Bg6
{[%clk 0:15:04]} 27. Be2 {[%clk 0:11:33]} Rf8 {[%clk 0:13:52]} 28. Be3
{[%clk 0:11:06]} Nd7 {[%clk 0:13:43]} 29. Qa7 {[%clk 0:09:48]} Qxa7
{[%clk 0:11:24]} 30. Bxa7 {[%clk 0:10:13]} Bf5 {[%clk 0:09:57]} 31. Bd3
{[%clk 0:08:45]} Bxd3 {[%clk 0:08:40]} 32. Rxd3 {[%clk 0:09:11]} Rf4
{[%clk 0:08:49]} 33. Rd4 {[%clk 0:07:06]} Ref7 {[%clk 0:08:48]} 34. Re2
{[%clk 0:07:29]} R7f5 {[%clk 0:07:06]} 35. Kg2 {[%clk 0:06:19]} g6
{[%clk 0:04:51]} 36. Rxf4 {[%clk 0:05:50]} Rxf4 {[%clk 0:05:15]} 37. Kg3
{[%clk 0:06:11]} Rf5 {[%clk 0:05:31]} 38. Bd4 {[%clk 0:03:00]} Kg7
{[%clk 0:04:27]} 39. Re3 {[%clk 0:02:32]} g5 {[%clk 0:02:58]} 40. hxg5
{[%clk 0:01:21]} hxg5 {[%clk 0:03:07]} 41. Re1 {[%clk 0:27:58]} Nf8
{[%clk 0:26:55]} 42. a4 {[%clk 0:25:33]} Rf7 {[%clk 0:25:02]} 43. axb5
{[%clk 0:25:45]} axb5 {[%clk 0:25:30]} 44. Ra1 {[%clk 0:25:44]} Rb7
{[%clk 0:22:59]} 45. Ra6 {[%clk 0:23:54]} Kg6 1/2-1/2